Memorias
Gespeichert in:
| Körperschaft: | |
|---|---|
| Format: | Text |
| Veröffentlicht: |
Medellín:
s.e.
|
| Tags: |
Tag hinzufügen
Keine Tags, Fügen Sie den ersten Tag hinzu!
|
MARC
| LEADER | 00000 a a2200000 04500 | ||
|---|---|---|---|
| 001 | 21778 | ||
| 003 | |||
| 040 | |||
| 090 | |a 097604 | ||
| 110 | |a Unidad Latinoamericana | ||
| 245 | |a Memorias | ||
| 260 | |a Medellín: |b s.e. | ||
| 300 | |a p. irreg. | ||
| 999 | |c 1090 |d 1090 | ||
